| 000 | 00429nam a2200145 i 4500 | ||
|---|---|---|---|
| 001 | 71823 | ||
| 003 | ES-MaACL | ||
| 007 | t| | ||
| 008 | 040819s1974 sp ||||1| spa d | ||
| 100 | 1 |
_aGibello, Antonio. _956638 |
|
| 245 | 1 | 0 |
_aJosé Antonio _b: apuntes para una biografía polémica / _cAntonio Gibello. |
| 260 |
_a[Madrid] : _bDoncel, _c[1974] |
||
| 300 |
_a485 p., 14 lám. ; _c22 cm. |
||
| 852 |
_aES-MaACL _jE-7287 _bR.91563 |
||
| 999 |
_c71823 _d71823 |
||